Güneybatı Anadolu kuva-yı milliye harekatı / (Kayıt no. 10380)
[ düz görünüm ]
| 000 -BAŞLIK | |
|---|---|
| Sabit Uzunluktaki Kontrol Alanı | 00698nam a22002297a 4500 |
| 003 - KONTROL NUMARASI KİMLİĞİ | |
| Kontrol Alanı | KOHA_MİRAKIL |
| 005 - EN SON İŞLEM TARİHİ ve ZAMANI | |
| Kontrol Alanı | 20260511071342.0 |
| 008 - SABİT UZUNLUKTAKİ VERİ ÖGELERİ - GENEL BİLGİ | |
| Sabit Alan | 260507b tu ||||| |||| 00| 0 tur d |
| 020 ## - ISBN - ULUSLARARASI STANDART KİTAP NUMARASI | |
| Isbn | 9751706289 |
| 040 ## - KATALOGLAMA KAYNAĞI | |
| Özgün Kataloglama Kurumu | TR-AnABB |
| Kataloglama Dili | tur |
| Çeviri Kurumu | TR-AnABB |
| 041 ## - DİL KODU | |
| Metin ya da ses kaydının dil kodu | tur |
| 082 ## - DEWEY ONU SINIFLAMA SİSTEMİ | |
| Sınıflama Numarası | 956.102 3 |
| Cutter numarası | AYD 2002 |
| 100 1# - KİŞİ ADI | |
| Yazar Adı (Kişi adı) | Aydınel, Sıtkı |
| 245 10 - ESER ADI BİLDİRİMİ | |
| Başlık | Güneybatı Anadolu kuva-yı milliye harekatı / |
| Sorumluluk Bildirimi | Sıtkı Aydınel |
| 260 ## - YAYIN, DAĞITIM, VB. | |
| Yayın Yeri | Ankara : |
| Yayınevi | Kültür Bakanlığı , |
| Yayın Tarihi | 2002 |
| 300 ## - FİZİKSEL TANIMLAMA | |
| Sayfa, Cilt vb. | 434 sayfa ; |
| Boyutları | 20 cm. |
| 490 0# - DİZİ BİLDİRİMİ | |
| Dizi Bildirimi | Kültür Bakanlığı ; |
| Cilt Numarası | 1154 |
| 490 0# - DİZİ BİLDİRİMİ | |
| Dizi Bildirimi | Kaynak eserler ; |
| Cilt Numarası | 40 |
| 650 04 - KONU BAŞLIĞI EK GİRİŞ - KONU TERİMİ | |
| Konusal terim veya coğrafi ad | Tarih, Kurtuluş Savaşı |
| 900 ## - YEREL BİLGİ | |
| Kontrol | Can ÇELIK |
| 942 ## - EK GİRİŞ ÖGELERİ (KOHA) | |
| Sınıflama Kaynağı | Dewey Decimal Classification |
| Materyal Türü | Kitap |
| Geri Çekilme Durumu | Kayıp Durumu | Sınıflandırma Kaynağı | Kredi için değil | Kalıcı Konum | Mevcut Konum | Kayıt Tarih | Toplam Ödünçverme | Yer Numarası | Demirbaş Numarası | Son Görülme Tarihi | Fatura Tarihi | Materyal Türü |
|---|---|---|---|---|---|---|---|---|---|---|---|---|
| Dewey Decimal Classification | Prof. Dr. Ruşen Keleş Kütüphanesi | Prof. Dr. Ruşen Keleş Kütüphanesi | 07/05/2026 | 956.102 3 AYD 2002 | RK8273 | 07/05/2026 | 07/05/2026 | Kitap |
